| 000 | 01807nam a22002417a 4500 | ||
|---|---|---|---|
| 999 |
_c6337 _d6337 |
||
| 003 | DO-SdBJH | ||
| 005 | 20210715124510.0 | ||
| 008 | 210715b ||||| |||| 00| 0 spa d | ||
| 040 |
_aDO-SdBJH _bspa _cDO-SdBJH |
||
| 090 |
_aTG EGDC _b01599 2019 |
||
| 100 | 1 |
_aRosario Maceo, Argelis del Jesús _esustentante |
|
| 245 | 1 | 0 |
_aEvolución y retos de las Capacidades Tecnológicas y Sistema de Comunicación de los puestos de las Fuerzas Armadas para la Seguridad Fronteriza Terrestre, período 2014-2018 / _cArgelis del Jesús Rosario Maceo, José Antonio García Santiago, asesores Jaime Francisco Rodríguez, Marcos Balbuena Ogando |
| 260 |
_aSanto Domingo : _bINSUDE, _c2019 |
||
| 300 | _axiii, 69 páginas | ||
| 502 | _aTesis (Especialidad en Comando y Estado Mayor Conjunto) -- Instituto Superior para la Defensa (INSUDE). – Escuela de Graduados de Doctrina Conjunta “General de División Gregorio Luperón” 2019 | ||
| 504 | _a Incluye referencias bibliográficas e índices | ||
| 505 | _aEvolución de las Capacidades Tecnológicas y Sistema de Comunicación de los puestos de las Fuerzas Armadas para la Seguridad Fronteriza Terrestre. -- Las Capacidades Tecnológicas y Sistema de Comunicación de los puestos de las Fuerzas Armadas para la Seguridad Fronteriza Terrestre durante el período 2014-2018. -- Retos futuros de las Capacidades Tecnológicas y Sistema de Comunicación de los puestos de las Fuerzas Armadas para la Seguridad Fronteriza Terrestre | ||
| 700 | 1 |
_aGarcía Santiago, José Antonio _esustentante |
|
| 700 | 1 |
_a Francisco Rodríguez, Jaime _easesor |
|
| 700 | 1 |
_a Balbuena Ogando, Marcos _easesor |
|
| 830 | _aINSUDE. Escuela de Graduados de Doctrina Conjunta “General de División Gregorio Luperón” 2017. Tesis y disertaciones académicas | ||
| 942 |
_2CL _cT |
||